Squadra della stagione della UEFA Europa League - 2017-2018 - Statistics

Statistiche generali
  • Questo quiz è stato fatto 3 volte
  • Il punteggio medio è 6 su 18
Statistiche sulle risposte
Ruolo Nazione Squadra Calciatore % Corretto
Attaccante Italia Lazio Ciro Immobile
100%
Difensore Uruguay Atlético Madrid Diego Godín
100%
Portiere Slovenia Atlético Madrid Jan Oblak
100%
Attaccante Germania RB Lipsia Timo Werner
100%
Centrocampista Spagna Atlético Madrid Koke
67%
Difensore Italia Milan Leonardo Bonucci
67%
Attaccante Francia Atlético Madrid Antoine Griezmann
33%
Attaccante Francia Olympique Marsiglia Dimitri Payet
33%
Portiere Portogallo Sporting Lisbona Rui Patrício
33%
Difensore Senegal Olympique Marsiglia Bouna Sarr
0%
Centrocampista Portogallo Sporting Lisbona Bruno Fernandes
0%
Centrocampista Mali Salisburgo Diadie Samassékou
0%
Centrocampista Spagna Atlético Madrid Gabi
0%
Attaccante Portogallo Sporting Lisbona Gelson Martins
0%
Difensore Brasile Olympique Marsiglia Luiz Gustavo
0%
Centrocampista Guinea RB Lipsia Naby Keïta
0%
Centrocampista Spagna Atlético Madrid Saúl Ñíguez
0%
Difensore Austria Salisburgo Stefan Lainer
0%
Nessun quiz corrispondente trovato
Distribuzione punteggi
Percentuale di utenti per punteggio
Percentile per numero di risposta
I tuoi punteggi nel tempo
Non hai fatto questo quiz